| 000 | 00485nam a2200169 a 4500 | ||
|---|---|---|---|
| 005 | 20140412111305.0 | ||
| 008 | 010503s19uu xx 00 eng d | ||
| 020 | _a0-590-41744-4 | ||
| 050 |
_aTR(PS E _bTh41 1986 |
||
| 100 | _aSalzman, Yuri | ||
| 245 |
_aThree wishes (The) / _cpictures by Yuri Salzman; retold by M. Jean Craig. |
||
| 260 |
_aNew York : _bScholastic Inc, _c1986. |
||
| 300 | _a32p. ; ill. | ||
| 650 | _aWishes-Stories | ||
| 650 | _aMagic-Stories | ||
| 999 |
_c103640 _d103640 |
||